[Event "Sarpsborg CC-ch"]
[Site "Sarpsborg"]
[Date "2003.02.28"]
[Round "8"]
[White "Fjellengen, Bard"]
[Black "Andersen, Bjorn"]
[Result "0-1"]
[WhiteElo "1657"]
[BlackElo "1652"]
[PlyCount "138"]
[EventDate "2003.??.??"]
[EventType "swiss"]
[EventRounds "15"]
[EventCountry "NOR"]
[SourceTitle "EXT 2005"]
[Source "ChessBase"]
[SourceDate "2004.11.15"]
[SourceVersion "1"]
[SourceVersionDate "2004.11.15"]
[SourceQuality "1"]

1. Nf3 Nf6 2. g3 c6 3. Bg2 d5 4. d4 Bf5 5. 0-0 h6 6. b3 e6 7. Nbd2 Nbd7 8. Bb2 Be7 9. c4 0-0 10. a3 Ne4 11. Nxe4 Bxe4 12. Rc1 Nf6 13. Ne5 Bh7 14. e3 a5 15. Nd3 Ne4 16. f3 Nd6 17. c5 Ne8 18. f4 Nf6 19. Nf2 Qd7 20. Qd2 Bd8 21. Ra1 Bc7 22. b4 Ne4 23. Nxe4 dxe4 24. Bc3 axb4 25. axb4 Qd5 26. Rfb1 Rfb8 27. Qc2 Bg6 28. Be1 f6 29. Bf1 Kh8 30. Bc4 Qd7 31. Ra2 e5 32. dxe5 fxe5 33. Rba1 Rxa2 34. Qxa2 exf4 35. gxf4 Qh3 36. Bg3 Qd7 37. Qg2 Rd8 38. Be1 Bf5 39. Bc3 Kh7 40. Bb3 g6 41. Bc2 Qe7 42. Ra7 Bb8 43. Ra1 Qe6 44. Rb1 Qc4 45. Be1 Rd7 46. Rd1 Rxd1 47. Bxd1 Qd3 48. Qe2 Qxe2 49. Bxe2 g5 50. fxg5 hxg5 51. Bc3 Kg6 52. Bc4 Bd7 53. Bb3 Kf5 54. Kg2 Bc7 55. h3 b6 56. Bd1 Kg6 57. Bd4 bxc5 58. bxc5 Be6 59. Bg4 Bxg4 60. hxg4 Kf7 61. Kf2 Ke6 62. Bg7 Be5 63. Bh6 Bf6 64. Ke2 Kf7 65. Kd2 Be7 66. Kc3 Kg6 67. Bxg5 Kxg5 68. Kd4 Kxg4 69. Kxe4 Bxc5 0-1

[Event "Sarpsborg CC-ch"]
[Site "Sarpsborg"]
[Date "2002.04.19"]
[Round "10"]
[White "Andersen, Bjorn"]
[Black "Solberg, Joachim Krokvik"]
[Result "1/2-1/2"]
[WhiteElo "1656"]
[BlackElo "2007"]
[PlyCount "111"]
[EventDate "2002.01.??"]
[EventType "swiss"]
[EventRounds "15"]
[EventCountry "NOR"]
[SourceTitle "EXT 2005"]
[Source "ChessBase"]
[SourceDate "2004.11.15"]
[SourceVersion "1"]
[SourceVersionDate "2004.11.15"]
[SourceQuality "1"]

1. e4 c5 2. Nf3 e6 3. Nc3 Nc6 4. Bc4 a6 5. a4 Qc7 6. 0-0 d6 7. d3 Nf6 8. Bg5 Be7 9. Ne2 0-0 10. Ng3 h6 11. Bxf6 Bxf6 12. c3 g6 13. Bb3 Rb8 14. Rb1 b5 15. axb5 axb5 16. Qd2 Kg7 17. d4 c4 18. Bc2 b4 19. d5 bxc3 20. bxc3 Rxb1 21. Bxb1 exd5 22. exd5 Na5 23. Qc2 Kg8 24. Nh5 Bg7 25. Nxg7 Kxg7 26. Nd4 Re8 27. Qd1 Bd7 28. f4 Qd8 29. f5 Qg5 30. fxg6 fxg6 31. Re1 Rxe1+ 32. Qxe1 Qe5 33. Qxe5+ dxe5 34. Ne2 Bf5 35. Bxf5 gxf5 36. Kf2 Kf6 37. Ke3 Nb7 38. g3 Nd6 39. Ng1 Nb5 40. Ne2 Nc7 41. d6 Nd5+ 42. Kf3 h5 43. h3 e4+ 44. Kf2 Ke6 45. Nd4+ Kxd6 46. Nxf5+ Ke5 47. Ne3 Nxc3 48. Nxc4+ Kd4 49. Ne3 Ke5 50. g4 hxg4 51. hxg4 Kf4 52. Nf1 Kxg4 53. Nd2 Kf4 54. Nxe4 Nd1+ 55. Ke2 Kxe4 56. Kxd1 1/2-1/2

[Event "Sarpsborg CC-ch"]
[Site "Sarpsborg"]
[Date "2002.04.05"]
[Round "8"]
[White "Jensen, Arne Roger"]
[Black "Andersen, Bjorn"]
[Result "0-1"]
[WhiteElo "1905"]
[BlackElo "1656"]
[PlyCount "164"]
[EventDate "2002.01.??"]
[EventType "swiss"]
[EventRounds "15"]
[EventCountry "NOR"]
[SourceTitle "EXT 2005"]
[Source "ChessBase"]
[SourceDate "2004.11.15"]
[SourceVersion "1"]
[SourceVersionDate "2004.11.15"]
[SourceQuality "1"]

1. e4 c5 2. Nf3 Nc6 3. d4 cxd4 4. Nxd4 Nf6 5. Nc3 e5 6. Nb3 Bb4 7. Bd3 d5 8. Bd2 Bxc3 9. Bxc3 dxe4 10. Be2 0-0 11. 0-0 Nd5 12. Qe1 Nf4 13. Bc4 Bh3 14. g3 Bxf1 15. Kxf1 Ng6 16. Qxe4 Kh8 17. Re1 f5 18. Qg2 Rc8 19. Be2 f4 20. Nc5 Qe7 21. Ne4 Rcd8 22. a3 Qf7 23. Bd3 fxg3 24. Qxg3 Qf3 25. Ng5 Qxg3 26. hxg3 Rf6 27. Bc4 Rdf8 28. Ne4 Rf5 29. Be6 Rh5 30. Kg2 Nge7 31. Bd2 Nf5 32. g4 Nh4+ 33. Kf1 Nd4 34. gxh5 Nxe6 35. Bc3 Nf3 36. Rd1 Ned4 37. Bb4 Rf4 38. Ng3 h6 39. c3 Nh2+ 40. Kg2 Ndf3 41. Bc5 b6 42. Be3 Rf7 43. Kh3 Kg8 44. Rd8+ Kh7 45. Rd1 Rc7 46. Rh1 Rd7 47. c4 Rd3 48. Rxh2 Nxh2 49. Kxh2 Rb3 50. c5 bxc5 51. Bxc5 a5 52. Bd6 Rxb2 53. Kg2 Ra2 54. Kf3 g6 55. hxg6+ Kxg6 56. Be7 Kf7 57. Bc5 Ke6 58. Ke4 Rc2 59. Bb6 Rc4+ 60. Kd3 Ra4 61. Bc5 Kd5 62. Bf8 Rf4 63. Bxh6 Rxf2 64. Ne2 Rf3+ 65. Be3 e4+ 66. Kd2 Kc4 67. Nc3 Kb3 68. Nxe4 Kxa3 69. Nc5 Rh3 70. Bd4 Kb4 71. Bg1 Kc4 72. Na4 Rh1 73. Be3 Rh2+ 74. Kc1 Ra2 75. Nc5 Re2 76. Bd2 Kxc5 77. Bxa5 Kc4 78. Kd1 Kd3 79. Bd8 Re8 80. Bc7 Re7 81. Bd6 Rd7 82. Be5 Ke4+ 0-1

[Event "Sarpsborg CC-ch"]
[Site "Sarpsborg"]
[Date "2002.03.01"]
[Round "7"]
[White "Rangoy, Tormod"]
[Black "Andersen, Bjorn"]
[Result "1-0"]
[WhiteElo "1657"]
[BlackElo "1656"]
[PlyCount "101"]
[EventDate "2002.01.??"]
[EventType "swiss"]
[EventRounds "15"]
[EventCountry "NOR"]
[SourceTitle "EXT 2005"]
[Source "ChessBase"]
[SourceDate "2004.11.15"]
[SourceVersion "1"]
[SourceVersionDate "2004.11.15"]
[SourceQuality "1"]

1. e4 e5 2. Nf3 Nc6 3. d4 exd4 4. Bc4 Nf6 5. e5 Ng4 6. 0-0 Be7 7. Bf4 d6 8. exd6 cxd6 9. Nxd4 0-0 10. Nc3 Nce5 11. Bd5 Nf6 12. Bb3 a6 13. Qe2 Ng6 14. Bg3 Qb6 15. Rad1 Bg4 16. f3 Bd7 17. Bf2 Qc7 18. Rfe1 Rfe8 19. Qd2 Bf8 20. Nde2 Bc6 21. Nf4 Nxf4 22. Qxf4 Rad8 23. g4 Rxe1+ 24. Rxe1 h6 25. h4 Qd7 26. Bd4 Nh7 27. Nd5 Re8 28. Bf2 Rxe1+ 29. Bxe1 Qd8 30. Ne3 d5 31. Kg2 Qe7 32. Bf2 Qe6 33. Nf5 b5 34. Nd4 Qd7 35. Nxc6 Qxc6 36. Qf5 Nf6 37. g5 hxg5 38. hxg5 Nh5 39. Be3 Qd6 40. f4 Qe6 41. Qxd5 Qg4+ 42. Kf2 Qg3+ 43. Kf1 Qh3+ 44. Ke2 Ng3+ 45. Kd3 Qf1+ 46. Kd4 Qd1+ 47. Ke5 Qh5 48. f5 Be7 49. Qa8+ Bf8 50. Qc8 Qf3 51. Bxf7+ 1-0

[Event "Sarpsborg CC-ch"]
[Site "Sarpsborg"]
[Date "2002.02.22"]
[Round "6"]
[White "Fjellengen, Bard"]
[Black "Andersen, Bjorn"]
[Result "0-1"]
[WhiteElo "1723"]
[BlackElo "1656"]
[PlyCount "152"]
[EventDate "2002.01.??"]
[EventType "swiss"]
[EventRounds "15"]
[EventCountry "NOR"]
[SourceTitle "EXT 2005"]
[Source "ChessBase"]
[SourceDate "2004.11.15"]
[SourceVersion "1"]
[SourceVersionDate "2004.11.15"]
[SourceQuality "1"]

1. d4 d5 2. Nf3 Nf6 3. Bg5 Nbd7 4. e3 c6 5. Nbd2 e6 6. Be2 Be7 7. 0-0 0-0 8. a4 a5 9. h3 Nh5 10. Bxe7 Qxe7 11. c4 Nhf6 12. Qc2 dxc4 13. Bxc4 Nd5 14. Bxd5 exd5 15. e4 dxe4 16. Nxe4 Nf6 17. Nc3 Be6 18. Rfe1 Qd6 19. Rad1 h6 20. Ne5 Rad8 21. Ne2 Qb4 22. Nd3 Qb6 23. Nc5 Bd5 24. Nc3 Qc7 25. Re3 Rfe8 26. Rde1 Rxe3 27. Rxe3 b6 28. N5e4 Nxe4 29. Nxd5 Rxd5 30. Qxe4 Qd7 31. Qe8+ Qxe8 32. Rxe8+ Kh7 33. Rb8 b5 34. axb5 cxb5 35. Ra8 b4 36. Kf1 Rxd4 37. Ke2 Rd5 38. Ra7 Kg6 39. f4 h5 40. g4 hxg4 41. hxg4 f6 42. Ke3 Rc5 43. Kd3 Kh6 44. Ra6 b3 45. Rb6 a4 46. Ra6 Rc2 47. Rxa4 Rxb2 48. Ra6 Rg2 49. g5+ Kg6 50. gxf6 gxf6 51. Rb6 Kf5 52. Ke3 b2 53. Kf3 Rc2 54. Rb5+ Ke6 55. f5+ Kd6 56. Ke4 Kc6 57. Rb8 Rh2 58. Kd4 Rf2 59. Rb3 Rh2 60. Rb8 Rc2 61. Rb3 Rd2+ 62. Kc3 Rf2 63. Kd4 Rd2+ 64. Kc3 Rh2 65. Kb4 Rh7 66. Ka3 b1Q 67. Rxb1 Ra7+ 68. Kb2 Rb7+ 69. Kc2 Rxb1 70. Kxb1 Kd5 71. Kc2 Ke5 72. Kd3 Kxf5 73. Ke3 Kg4 74. Ke2 Kg3 75. Ke1 f5 76. Kf1 Kf3 0-1

[Event "Sarpsborg CC-ch"]
[Site "Sarpsborg"]
[Date "2002.01.18"]
[Round "2"]
[White "Andersen, Bjorn"]
[Black "Stabbetorp, Hans M"]
[Result "1-0"]
[WhiteElo "1656"]
[BlackElo "1384"]
[PlyCount "141"]
[EventDate "2002.01.??"]
[EventType "swiss"]
[EventRounds "15"]
[EventCountry "NOR"]
[SourceTitle "EXT 2005"]
[Source "ChessBase"]
[SourceDate "2004.11.15"]
[SourceVersion "1"]
[SourceVersionDate "2004.11.15"]
[SourceQuality "1"]

1. e4 d5 2. exd5 Qxd5 3. Nf3 Nf6 4. Nc3 Qa5 5. d4 Bf5 6. Bb5+ c6 7. Bc4 Nbd7 8. 0-0 e6 9. Bf4 Be7 10. Qe2 0-0 11. Rad1 Rac8 12. a3 Nd5 13. Bxd5 cxd5 14. Rd2 Qb6 15. Nd1 Nf6 16. Ne3 Rfe8 17. c3 Ne4 18. Rdd1 Bg6 19. Ne5 a6 20. Nxg6 hxg6 21. Ng4 Bd6 22. Bxd6 Qxd6 23. Ne5 Nf6 24. Rd3 Kf8 25. Rh3 Ke7 26. Qf3 Rh8 27. Rxh8 Rxh8 28. h3 Ke8 29. Re1 Qe7 30. c4 dxc4 31. Nxc4 Rh5 32. Ne5 Qc7 33. g4 Rh8 34. Kg2 Rf8 35. g5 Nd7 36. Nd3 Kd8 37. Qe3 Qc6+ 38. Kh2 Rh8 39. Rc1 Qd6+ 40. Kg2 Rh4 41. Ne5 Qd5+ 42. Nf3 Re4 43. Qc3 Ke7 44. Qb4+ Kd8 45. Kg3 f6 46. h4 Qf5 47. Rc3 Rg4+ 48. Kh2 Qf4+ 49. Kh3 Qf5 50. Kh2 b5 51. Qa5+ Ke7 52. Qxa6 Rf4 53. Qc6 e5 54. dxe5 fxe5 55. Re3 e4 56. Kg2 Kf7 57. Qxd7+ Qxd7 58. Ne5+ Ke6 59. Nxd7 Kxd7 60. Kg3 Rf7 61. Rxe4 Kd6 62. f4 Kc6 63. Re6+ Kc5 64. Rxg6 Kc4 65. Rb6 Rd7 66. h5 Rd2 67. b3+ Kc5 68. Rb7 Rd3+ 69. Kg4 Rxb3 70. Rxg7 Rxa3 71. h6 1-0

[Event "Sarpsborg op"]
[Site "Sarpsborg"]
[Date "2001.09.14"]
[Round "4"]
[White "Andersen, Bjorn"]
[Black "Andersen, Dag"]
[Result "1-0"]
[WhiteElo "1610"]
[BlackElo "1486"]
[PlyCount "73"]
[EventDate "2001.08.??"]
[EventType "swiss"]
[EventRounds "12"]
[EventCountry "NOR"]
[SourceTitle "EXT 2005"]
[Source "ChessBase"]
[SourceDate "2004.11.15"]
[SourceVersion "1"]
[SourceVersionDate "2004.11.15"]
[SourceQuality "1"]

1. e4 e6 2. d4 d5 3. e5 c5 4. c3 Nc6 5. Nf3 Qb6 6. Be2 Bd7 7. 0-0 Rc8 8. b3 cxd4 9. cxd4 g6 10. Bb2 Bg7 11. Nc3 a6 12. Na4 Qd8 13. Nc5 Rc7 14. Rc1 Nge7 15. a4 0-0 16. Ba3 Re8 17. b4 Nb8 18. b5 axb5 19. axb5 Nc8 20. Qb3 Nb6 21. Nd3 Nc4 22. Nb2 Nxa3 23. Qxa3 Bf8 24. Qb3 Rxc1 25. Rxc1 Qa5 26. Na4 Bh6 27. Rc2 Bc8 28. h3 Nd7 29. b6 Nb8 30. Ra2 Nc6 31. Nc5 Qb4 32. Qxb4 Nxb4 33. Rb2 Nc6 34. Bb5 Bc1 35. Rb1 Ba3 36. Bxc6 bxc6 37. b7 1-0

[Event "Sarpsborg CC-ch"]
[Site "Sarpsborg"]
[Date "2001.04.20"]
[Round "11"]
[White "Andersen, Bjorn"]
[Black "Rangoy, Tormod"]
[Result "1-0"]
[WhiteElo "1610"]
[BlackElo "1601"]
[PlyCount "89"]
[EventDate "2001.??.??"]
[EventType "swiss"]
[EventRounds "11"]
[EventCountry "NOR"]
[SourceTitle "EXT 2005"]
[Source "ChessBase"]
[SourceDate "2004.11.15"]
[SourceVersion "1"]
[SourceVersionDate "2004.11.15"]
[SourceQuality "1"]

1. e4 e5 2. Nf3 d6 3. h3 Be7 4. Nc3 Nf6 5. Bc4 0-0 6. d3 c6 7. 0-0 Nbd7 8. a3 Nb6 9. Ba2 Bd7 10. Ne2 Qc7 11. Ng3 d5 12. c3 Rad8 13. Qb3 dxe4 14. Ng5 Be8 15. dxe4 h6 16. Nf3 Bd7 17. Qc2 c5 18. c4 Be6 19. b3 Qc6 20. Bb2 Nfd7 21. Nxe5 Nxe5 22. Bxe5 Nd7 23. Bb2 Bf6 24. Rad1 Ne5 25. Bb1 g6 26. f4 Rxd1 27. Rxd1 Nd7 28. e5 Bg7 29. f5 gxf5 30. Nxf5 Bxf5 31. Qxf5 Rd8 32. Be4 Qe6 33. Qxe6 fxe6 34. Bxb7 Kf7 35. Bc6 Ke7 36. Bxd7 Rxd7 37. Rxd7+ Kxd7 38. Kf2 a6 39. Kf3 Ke7 40. g4 Kf7 41. h4 Bf8 42. Bc1 Kg6 43. h5+ Kh7 44. Bd2 Be7 45. b4 1-0

[Event "Sarpsborg CC-ch"]
[Site "Sarpsborg"]
[Date "2001.02.16"]
[Round "6"]
[White "Ingvaldsen, Jonas A"]
[Black "Andersen, Bjorn"]
[Result "1-0"]
[WhiteElo "1691"]
[BlackElo "1610"]
[PlyCount "77"]
[EventDate "2001.??.??"]
[EventType "swiss"]
[EventRounds "11"]
[EventCountry "NOR"]
[SourceTitle "EXT 2005"]
[Source "ChessBase"]
[SourceDate "2004.11.15"]
[SourceVersion "1"]
[SourceVersionDate "2004.11.15"]
[SourceQuality "1"]

1. e4 e5 2. f4 d6 3. Bc4 Nc6 4. Nc3 Nf6 5. d3 Be7 6. Nf3 Bg4 7. Be3 0-0 8. h3 Bxf3 9. Qxf3 Na5 10. Bb3 Nxb3 11. axb3 a6 12. f5 c6 13. g4 Nd7 14. h4 Bxh4+ 15. Ke2 Bg5 16. Bxg5 Qxg5 17. Rh5 Qf4 18. Qh3 Nf6 19. Rh4 Qg5 20. Rh1 h6 21. Nb1 d5 22. Nd2 d4 23. Nf3 Qe3+ 24. Kd1 Nxe4 25. dxe4 d3 26. Re1 dxc2+ 27. Kxc2 Qf2+ 28. Kb1 f6 29. Rh1 Rad8 30. Qf1 Qe3 31. Qc4+ Kh7 32. R4h3 Qf4 33. Nh4 Rd4 34. Qc5 Rfd8 35. Ng6 Rd1+ 36. Ka2 Qxe4 37. Rxh6+ gxh6 38. Qe7+ Kg8 39. Rxd1 1-0

[Event "Sarpsborg CC-ch"]
[Site "Sarpsborg"]
[Date "2001.01.19"]
[Round "2"]
[White "Andersen, Bjorn"]
[Black "Rangoy, Helge"]
[Result "0-1"]
[WhiteElo "1610"]
[BlackElo "1639"]
[PlyCount "94"]
[EventDate "2001.??.??"]
[EventType "swiss"]
[EventRounds "11"]
[EventCountry "NOR"]
[SourceTitle "EXT 2005"]
[Source "ChessBase"]
[SourceDate "2004.11.15"]
[SourceVersion "1"]
[SourceVersionDate "2004.11.15"]
[SourceQuality "1"]

1. e4 e5 2. Nf3 Nc6 3. Nc3 Nf6 4. Bc4 Be7 5. d3 d6 6. h3 Na5 7. Bb3 Nxb3 8. axb3 0-0 9. 0-0 c6 10. Be3 b6 11. Nd2 d5 12. Ne2 Nd7 13. f4 d4 14. Bf2 c5 15. f5 b5 16. Nf3 g6 17. Bg3 f6 18. fxg6 hxg6 19. Qd2 Kg7 20. c3 Nb6 21. c4 Be6 22. Ra5 bxc4 23. bxc4 Bxc4 24. Rfa1 a6 25. dxc4 Nxc4 26. Qe1 Nxa5 27. Qxa5 Qxa5 28. Rxa5 Rfb8 29. Ra2 Rb6 30. Nc1 Rab8 31. b3 c4 32. Nxe5 cxb3 33. Nxb3 Rxb3 34. Nf3 Rb1+ 35. Kh2 R8b6 36. Nxd4 R1b4 37. Bc7 Bd6+ 38. Bxd6 Rxd6 39. Nf3 Rxe4 40. h4 Kf7 41. Ra5 Rb4 42. h5 Rb5 43. hxg6+ Kxg6 44. Ra4 a5 45. Kh3 Ra6 46. Rc4 a4 47. Rc7 a3 0-1